UBT Library

Integrated automation practice / (Record no. 41387)

000 -LEADER
fixed length control field 00680cam a2200229 i 4500
001 - CONTROL NUMBER
control field 3625351
005 - DATE AND TIME OF LATEST TRANSACTION
control field 20180131074424.0
008 - FIXED-LENGTH DATA ELEMENTS--GENERAL INFORMATION
fixed length control field 751016s1976 ne a b 000 0 eng
010 ## - LIBRARY OF CONGRESS CONTROL NUMBER
LC control number 74081330
020 ## - INTERNATIONAL STANDARD BOOK NUMBER
International Standard Book Number 0720428114.
-- 0444107096 (American Elsevier)
040 ## - CATALOGING SOURCE
Original cataloging agency DLC
Transcribing agency DLC
Modifying agency DLC
041 1# - LANGUAGE CODE
Language code of text/sound track or separate title engfre
080 ## - UNIVERSAL DECIMAL CLASSIFICATION NUMBER
Universal Decimal Classification number 658.403 PUN
082 00 - DEWEY DECIMAL CLASSIFICATION NUMBER
Classification number 658.403 PUN
100 1# - Rafti
Rafti 27
101 ## - Shkurtesa
Shkurtesa IM
240 10 - UNIFORM TITLE
Uniform title <a href="Pratique de l'automatisation intégrée.">Pratique de l'automatisation intégrée.</a>
Language of a work English
245 10 - TITLE STATEMENT
Title Integrated automation practice /
Statement of responsibility, etc by Lucas Pun, Javier Aracil, Jean-Louis Abatut.
504 ## - BIBLIOGRAPHY, ETC. NOTE
Bibliography, etc Bibliography: p. 361-368.
906 ## - LOCAL DATA ELEMENT F, LDF (RLIN)
a 7
b cbc
c orignew
d 1
e opcn
f 19
g y-gencatlg
942 ## - ADDED ENTRY ELEMENTS (KOHA)
Source of classification or shelving scheme
Item type Books
Holdings
Withdrawn status Lost status Source of classification or shelving scheme Damaged status Not for loan Collection code Permanent location Current location Shelving location Date acquired Total Checkouts Full call number Barcode Date last seen Price effective from Koha item type
          Koleksioni i përgjithshem UBT - Lipjan UBT - Lipjan Koleksioni i përgjithshem 01/31/2018   658.403 PUN 002-2997094 01/31/2018 01/31/2018 Books
UBT Library © 2015-2024. All rights reserved University Education for Business and Technology